Top UK Baby Boy Names 2016 - Statistics

General Stats
  • This quiz has been taken 545 times
  • The average score is 53 of 100
Answer Stats
Hint Answer % Correct
19 William
95%
12 James
91%
43 Liam
91%
4 Harry
90%
1 Oliver
88%
10 Henry
87%
18 Thomas
87%
8 George
86%
5 Jack
86%
97 John
85%
65 Michael
84%
61 David
83%
53 Ollie
83%
7 Jacob
82%
89 Ben
81%
30 Daniel
81%
98 Tommy
81%
50 Luca
79%
69 Sam
79%
34 Benjamin
78%
48 Matthew
78%
64 Alex
77%
26 Joseph
77%
3 Noah
77%
13 Joshua
76%
54 Luke
76%
39 Samuel
76%
32 Alexander
75%
56 Edward
75%
6 Charlie
74%
9 Ethan
73%
15 Leo
68%
55 Nathan
68%
22 Lucas
67%
28 Adam
65%
21 Isaac
65%
45 Jake
64%
85 Frankie
63%
11 Oscar
63%
46 Ryan
63%
44 Zachary
63%
35 Arthur
60%
93 Eli
60%
52 Elijah
60%
14 Freddie
60%
68 Louis
59%
16 Alfie
57%
42 Lewis
54%
31 Mason
54%
17 Max
54%
23 Theo
54%
66 Aaron
53%
24 Archie
52%
75 Jamie
52%
33 Logan
49%
2 Muhammad
49%
100 Albert
47%
47 Jayden
46%
59 Connor
45%
29 Harrison
44%
83 Tyler
44%
95 Evan
42%
27 Aiden
41%
57 Caleb
41%
70 Callum
40%
40 Sebastian
40%
51 Riley
39%
67 Finn
37%
37 Elliot
36%
91 Cameron
35%
78 Kai
35%
84 Theodore
35%
86 Bobby
34%
20 Finley
34%
79 Gabriel
33%
49 Toby
31%
72 Harvey
30%
58 Jude
30%
63 Hugo
28%
87 Carter
27%
77 Stanley
26%
41 Reuben
25%
80 Jesse
24%
92 Seth
24%
81 Ali
23%
99 Blake
23%
38 Teddy
23%
74 Austin
22%
96 Ronnie
22%
71 Rory
21%
82 Albie
20%
90 Ellis
20%
94 Reggie
19%
76 Dexter
18%
25 Jaxon
16%
73 Ezra
15%
62 Jenson
15%
60 Arlo
14%
88 Omar
8%
36 Dillon
6%
No matching quizzes found
Score Distribution
Percent of People with Each Score
Percentile by Number Answered
Your Score History
You have not taken this quiz